000 00462nam a2200157Ia 4500
008 240729s9999 xx 000 0 und d
022 _a2537-0294
245 0 _aNovel Research in Microbiology Journal
260 _aEgypt
260 _bThe National Information and Documentation Centre (NIDOC) , Egypt
650 _a Microbiology
650 _aScience
856 _uhttps://doaj.org/toc/4dc2300bd9af49558d14cc7dc14eddf0
942 _2ddc
942 _cDOAJEJ
999 _c74545
_d74545
945 _a1
_bMadushi Gamage
_c1
_dMadushi Gamage